| 000 | 00903cam a2200253 a 4500 | ||
|---|---|---|---|
| 001 | 15753621 | ||
| 005 | 20241114144122.0 | ||
| 008 | 090528s2011 mauab 001 0 eng | ||
| 020 | _a9780321613370 (student ed. : alk. paper) | ||
| 020 | _a9780321613608 (annotated instructor ed. : alk. paper) | ||
| 020 | _a0321613376 (student ed. : alk. paper) | ||
| 020 | _a0321613600 (annotated instructor ed. : alk. paper) | ||
| 050 | 0 | 0 |
_aQA152.3 _b.B58 2011 |
| 082 | 0 | 0 |
_a512.9 _222 |
| 100 | 1 | _aBittinger, Marvin L. | |
| 245 | 1 | 0 |
_aIntroductory and intermediate algebra / _cby Marvin L. Bittinger, Judith A. Beecher. |
| 250 | _a4th ed. | ||
| 260 |
_aBoston : _bPearson/Addison Wesley, _cc2011. |
||
| 300 |
_axviii, 1028, I-7 p. : _bill. (chiefly col.), col. maps ; _c28 cm. |
||
| 500 | _aIncludes index. | ||
| 650 | 0 |
_aAlgebra _vTextbooks. |
|
| 700 | 1 | _aBeecher, Judith A. | |
| 942 |
_2lcc _cBK _e4th Ed. _n0 |
||
| 999 |
_c1208 _d1208 |
||